| 000 | 01008cab a22001935a 4500 | ||
|---|---|---|---|
| 001 | L158814 | ||
| 008 | 150729e20150711xxk 000 0 eng d | ||
| 035 | _a(Sirsi) u158814 | ||
| 041 | 0 | _aeng | |
| 245 | 0 | 0 | _aGoing underground |
| 260 | _c2015 | ||
| 490 |
_aEstates Gazette _v(1527) 11 July 2015, 81(1) |
||
| 520 | _aReports on the recent case "Kensington and Chelsea Royal Borough Council v Secretary of State for Communities and Local Government" which provides some welcome clarity to permitted development rights involving constructing or enlarging basements. Ruled that permitted development rights can apply to below-ground development. These rights may not apply in certain circumstances where 'the enlarged part of the dwellinghouse would have been more than one storey'. | ||
| 590 | _aKA | ||
| 650 | 2 | 4 | _aKensington and Chelsea Royal Borough Council v Secretary of State for Communities and Local Government |
| 651 | 4 | _aUnited Kingdom | |
| 690 |
_aPlanning and development _96259 |
||
| 942 | _n0 | ||
| 999 |
_c84710 _d84710 |
||